| 000 | 00554nam a2200193Ia 4500 | ||
|---|---|---|---|
| 003 | GCL | ||
| 008 | 140319s9999 xx 000 0 ara d | ||
| 040 |
_aGCL / _cGCL |
||
| 082 | 0 | 4 |
_a330.124 _bع ت |
| 100 | 1 | _aعمرو محيى الدين | |
| 245 | 1 | 0 |
_aالتخطيط الاقتصادى / _cعمرو محيى الدين |
| 300 | _a253 ص | ||
| 490 | _a | ||
| 650 | 0 | 4 | _aالاقتصاد |
| 650 | 0 | 4 | _aالتخطيط الاقتصادى |
| 650 | 0 | 4 | _aالتنمية الاقتصادية |
| 650 | 0 | 4 | _aالتخطيط القومى |
| 942 |
_2ddc _cBK |
||
| 999 |
_c39131 _d39131 |
||